Campeões do Campeonato Pernambucano de Futebol - Statistics

Estatísticas Gerais
  • Esse quiz foi jogado 121 vezes
  • A pontuação média é 5 de 8
Estatísticas das Respostas
N° de títulos Time Cidade % Correto
24 Náutico Recife
99%
29 Santa Cruz Recife
98%
42 Sport Recife
97%
1 Salgueiro Salgueiro
85%
6 América Recife
58%
1 SC Flamengo Recife
41%
2 {Tram}ways Recife
22%
3 Torre Sport Club Recife
21%
Nenhum quiz correspondente encontrado
Distribuição das Pontuações
Porcentagem de Pessoas com Cada Pontuação
Percentil de Números Respondidos
Sua Pontuação Histórica
Você não jogou esse quiz